00644nam a2200181 a 450000100100000000500170001000800410002702000150006804000250008308200130010810000270012124500900014826000390023830000240027750000330030195201110033499900170044500004307020201002040620.0140218s1997 nyu 001 0 spa d a0395707420 aDO-SdBNPbspacBNPHU axxxbxxx1 aHoffman, Miles.97059410aThe NPR classical music companion :bterms and concepts from A to Z /cMiles Hoffman. aBoston :bHoughton Mifflin,c1997. ax, 306 p. ;c23 cm. aNational Public Radio (U.S.) 001050718MOaGRbGRcCTd2014-02-18iLF1l0oxxx xxxp43070-10r2020-06-25w2020-06-25y1ZNo se presta c42559d42559